Studies in the history of ancient townships of Pudukkottai (Record no. 355598)

000 -LEADER
fixed length control field 00456cam a22001337a 4500
008 - FIXED-LENGTH DATA ELEMENTS--GENERAL INFORMATION
fixed length control field 180718b1981 xxu||||| |||| 00| 0 eng d
082 ## - DEWEY DECIMAL CLASSIFICATION NUMBER
Classification number A6x5452 T519
100 ## - MAIN ENTRY--PERSONAL NAME
Personal name Tirumalai, R.
245 ## - TITLE STATEMENT
Title Studies in the history of ancient townships of Pudukkottai
Statement of responsibility, etc. by R. Tirumalai
260 ## - PUBLICATION, DISTRIBUTION, ETC.
Place of publication, distribution, etc. Madras
Name of publisher, distributor, etc. Institute of Epigraphy
Date of publication, distribution, etc. 1981
300 ## - PHYSICAL DESCRIPTION
Extent 414+30p.
500 ## - GENERAL NOTE
General note A published of the Tamil Nadu State Department of Archaeology Madras
650 ## - SUBJECT ADDED ENTRY--TOPICAL TERM
Topical term or geographic name entry element Madras - History
Holdings
Withdrawn status Lost status Damaged status Not for loan Permanent Location Current Location Date acquired Full call number Barcode Date last seen Price effective from Koha item type
        Indian Institute of Public Administration Indian Institute of Public Administration 1993-12-22 A6x5452 T519 59395 2018-07-21 2018-07-21 Book

Powered by Koha